Yüklüyor......

Cryptography and network security

Detaylı Bibliyografya
Yazar: Stallings,William
Materyal Türü: Printed Book
Dil:Undetermined
Baskı/Yayın Bilgisi: NewDelhi : pearson , 2018
Edisyon:7 ed.
Konular:
LEADER 00476nam a2200145Ia 4500
008 200324s9999 xx 000 0 und d
082 |a 005.82STA-C 
100 |a Stallings,William 
245 0 |a Cryptography and network security 
250 |a 7 ed. 
260 |a NewDelhi :  |b pearson ,  |c 2018 
650 |a cryptography 
942 |c BK 
999 |c 289658  |d 289658 
952 |0 0  |1 0  |4 0  |6 005_000000000000000_82STAC  |7 0  |9 308191  |a SDE  |b SDE  |d 2019-01-24  |l 0  |o 005.82STA-C  |p SDE26121  |r 2020-03-27  |w 2020-03-27  |y BK